Music Quiz

Random Music or Album Quiz

De La Soul Albums Quiz Stats

 Plays Quiz not verified by Sporcle

Also try: 'Woman' Songs
Challenge
Share
Tweet
Embed
Score 0/7 Timer 05:00
0 Plays Today
Year Album % Correct
19893 Feet High and Rising
95.2%
1991De La Soul Is Dead
89.3%
1996Stakes Is High
71.4%
1993Buhloone Mindstate
52.4%
2004The Grind Date
48.8%
2001Bionix
45.2%
2000Mosaic Thump
31%

You're not logged in!

Compare scores with friends on all Sporcle quizzes.
Join for Free
OR
Log In

You Might Also Like...

Show Comments

Extras

Created Sep 22, 2009ReportFavoriteNominate
Tags:Album Quiz, soul

Top Quizzes Today


Score Distribution

Your Account Isn't Verified!

In order to create a playlist on Sporcle, you need to verify the email address you used during registration. Go to your Sporcle Settings to finish the process.

Report this User

Report this user for behavior that violates our Community Guidelines.

Details: